000 00712nam a2200205 a 4500
005 20150106155604.0
008 140130b2008 ck ||||| |||| 00| 0 spa d
040 _aCO-BoIAVH
_cCO-BoIAVH
041 _aspa
044 _ack
090 _aIAVH
_b01295
245 _aCaracterización, análisis y síntesis de instrumentos de planificación en relación con la EER
_ben el marco de la propuesta técnica para la discusión de los lineamientos de política ambiental para la región central
260 _aBogotá
_bIAVH
_bCAR
_bUNCRD
_c2008
300 _a220 p.
662 _dBogotá
_bCundinamarca
662 _dTunja
_bBoyacá
662 _dVillavicencio
_bMeta
662 _dIbagué
_bTolima
942 _cINFORME
_2z
999 _c6769
_d6769